南广铁路所有客运车站 Nanning-Guangzhou Railway stations - Statistics

General Stats
  • This quiz has been taken 21 times
  • The average score is 13 of 15
Answer Stats
地市 里程 车站 % Correct
南宁 0 南宁
100%
南宁 11 南宁东
100%
梧州 523 梧州南
100%
肇庆 693 肇庆东
100%
佛山 736 佛山西
100%
广州 769 广州南
100%
云浮 631 云浮东
94%
贵港 346 贵港
88%
佛山 718 三水南
88%
南宁 156 宾阳
76%
贵港 404 桂平
76%
梧州 498 藤县
71%
云浮 554 郁南
65%
贵港 439 平南南
59%
云浮 593 南江口
59%
No matching quizzes found
Score Distribution
Percent of People with Each Score
Percentile by Number Answered
Your Score History
You have not taken this quiz